| 000 | 01041nam0a22003371 4500 | ||
|---|---|---|---|
| 001 | v19\rc\1713979 | ||
| 005 | 20260407023842.0 | ||
| 035 | _a(NLR Aleph) 004813164 | ||
| 090 |
_a4947839 _c4947839 |
||
| 100 | _a20061002d1900 |||y0rusy50 ca | ||
| 101 | 0 | _arus | |
| 102 | _aRU | ||
| 105 | _ay b ||||| | ||
| 200 | 1 | _aКаталог Русского отдела на Всемирной Парижской выставке 1900 г. | |
| 210 |
_aСанкт-Петербург _d[1900] |
||
| 215 |
_a[4], 485 с. _d23 |
||
| 710 | 1 | 2 |
_aВсемирная выставка _f1900 _eПариж _bРусский отдел _3RU\NLR\AUTH\8810009370 _9516467 |
| 801 | 0 |
_aRU _bNLR _gpsbo |
|
| 801 | 0 |
_aRU _bRuMoRGB _2psbo |
|
| 801 | 1 |
_aRU _bProSoft-M _2rusmarc |
|
| 852 |
_aNLR _j20.55.8.7 |
||
| 852 |
_aNLR _j18.338.3.107 |
||
| 899 |
_aRuMoRGB _jU 98/85 |
||
| 899 |
_aRuMoRGB _jU 130/663 |
||
| 899 |
_aRuMoRGB _jU 427/9 |
||
| 899 | _aБАН | ||
| 899 | _aГПИБ | ||
| 899 | _aНБ МГУ | ||
| 899 | _aНБ СПбГУ | ||
| 942 | _cBOOK | ||
| 980 | _aNB | ||